|
|
|
|
| LEADER |
00946cam a2200265 7i4500 |
| 001 |
0000003112 |
| 005 |
20231012090000.0 |
| 008 |
231012s1979 miu# ### #00001eng## |
| 040 |
# |
# |
|a UMT
|b eng
|c UMT
|e rda
|
| 090 |
0 |
0 |
|a QA 76.7
|b .C6 1979
|
| 245 |
0 |
4 |
|a The computer system spiral :
|b documentation for the user and the module writer
|c John B. Woodward, (editor).
|
| 264 |
# |
1 |
|a Ann Arbor:
|b University of Michigan,
|c 1979
|
| 300 |
# |
# |
|a 215pages;
|c 28 cm.
|
| 336 |
# |
# |
|a text --
|2 rdacontent
|
| 337 |
# |
# |
|a unmediated --
|2 rdamedia
|
| 338 |
# |
# |
|a volume --
|2 rdacarrier
|
| 490 |
0 |
# |
|a Report
|
| 504 |
# |
# |
|a Includes bibliographical references and index
|
| 590 |
# |
# |
|a Perpustakaan Sultanah Nur Zahirah
|
| 650 |
0 |
0 |
|a Electronic digital computers
|
| 650 |
0 |
0 |
|a Programming languages (Electronic computers)
|
| 700 |
1 |
# |
|a Woodward, John B.
|
| 710 |
2 |
# |
|a University of Michigan
|
| 830 |
# |
0 |
|a Report
|
| 999 |
|
|
|a 1000392129
|b Book
|c Open Shelf
|e KOLEKSI TERBUKA
|